Nový systém plánování v podmínkách přestavby

Gespeichert in:
Bibliographische Detailangaben
1. Verfasser: Minařík, Josef
Format: Buch
Sprache:Tschechisch
Veröffentlicht: Praha Státní nakladatelství technické literatury 1990
Schlagworte:
Tags: Tag hinzufügen
Keine Tags, Fügen Sie das erste Tag hinzu!

MARC

LEADER 00000nam a2200000 4500
001 c004249
005 20250929141234.1
020 |a 80-03-00194-3 
041 0 |a cze 
044 |a CZ 
245 1 0 |a Nový systém plánování v podmínkách přestavby  |c Josef Minařík 
264 1 |a Praha  |b Státní nakladatelství technické literatury  |c 1990 
300 |a 92 s. 
610 2 0 |a plánovanie hospodárske 
610 2 0 |a ČSSR 
610 2 0 |a plánovanie 
610 2 0 |a plánovanie podnikové 
100 1 |a Minařík, Josef